Central Library OPAC University of Rajshahi

The general manager and strategy formulation : (Record no. 15985)

MARC details
000 -LEADER
fixed length control field 00819pam a2200265 a 4500
001 - CONTROL NUMBER
control field 15985
003 - CONTROL NUMBER IDENTIFIER
rucl marc code BD-RjUL
005 - DATE AND TIME OF LATEST TRANSACTION
control field 20211208235927.0
008 - FIXED-LENGTH DATA ELEMENTS--GENERAL INFORMATION
fixed length control field 140211s1988 nyua b 001 0 eng
020 ## - INTERNATIONAL STANDARD BOOK NUMBER
International Standard Book Number 047180455X
035 ## - SYSTEM CONTROL NUMBER
System control number (BD-RjUL)16040
040 ## - CATALOGING SOURCE
Original cataloging agency DLC
Transcribing agency DLC
Modifying agency DLC
-- BD-RjUL
Language of cataloging eng
041 ## - LANGUAGE CODE
Language code of text/sound track or separate title eng
082 00 - DEWEY DECIMAL CLASSIFICATION NUMBER
Classification number 658.4012
Edition number 19
Author mark and year DIG
100 1# - MAIN ENTRY--PERSONAL NAME
Personal name Dittrich, John E.
9 (RLIN) 49513
245 14 - TITLE STATEMENT
Title The general manager and strategy formulation :
Remainder of title objectives, missions, strategies, policies /
Statement of responsibility, etc. John E. Dittrich.
260 ## - PUBLICATION, DISTRIBUTION, ETC. (IMPRINT)
Place of publication, distribution, etc. New York :
Name of publisher, distributor, etc. Wiley,
Date of publication, distribution, etc. c1988.
300 ## - PHYSICAL DESCRIPTION
Pagination xii, 774, [6] p. :
Illustrations ill. ;
Size 25 cm.
504 ## - BIBLIOGRAPHY, ETC. NOTE
Bibliography, etc Includes bibliographies and index.
650 #0 - SUBJECT ADDED ENTRY--TOPICAL TERM
Topical term or geographic name as entry element Industrial management.
9 (RLIN) 49514
Topical term or geographic name as entry element Strategic planning.
9 (RLIN) 49515
942 ## - ADDED ENTRY ELEMENTS (KOHA)
Source of classification or shelving scheme Dewey Decimal Classification
Koha item type Books
Holdings
Lost status Source of classification or shelving scheme Damaged status Not for loan Collection code Permanent Location Current Location Shelving location Date acquired Source of acquisition Cost, normal purchase price Total Checkouts Full call number Date last seen Copy number Koha item type
  Dewey Decimal Classification   Not For Loan Non-fiction Central Library, University of Rajshahi Central Library, University of Rajshahi Reading Room 30/05/1991 Asia Foundation. 0.00   658.4012 DIG 1988 11/02/2014 C-1 Books